000 00687nam a2200289Ia 4500
005 20260324125333.0
008 008 260324s9999 xx 000 0 eng d
020 _a9780203863527
037 _aEBOOK
040 _aCRL
040 _beng
040 _cCRL
041 _2eng
041 _aeng
084 _qCRL
100 _aAmanda Perry Kessaris
_91177605
245 0 _aLaw in the Pursuit of Development
245 0 _bPrinciples into Practice?
260 _bTaylor and Francis
260 _c2009
365 _a
365 _b65.99
856 _uhttp://www.taylorfrancis.com/books/9780203863527
942 _cEBOOK
999 _c1772748
_d1772748